01771nam a2200409 a 4500001001000000003000500010005001700015008004100032010001100073011001100084040000900095090001000104100004400114245013700158260004200295500006000337502009300397502008100490590004100571590003700612590004000649590004000689590004000729650002800769650002500797650004500822650004700867700004300914856001600957856007000973901000701043942001001050942000601060999001901066952014001085952013601225000109028CHAP20220329144034.0140328s2013 mx a sm |||||||spa d a105490 a106462 cCHAP aTesis1 aContreras Rodríguez, Leopoldo912613110aDiagnostico de la calidad del agua en seis mirocuencas del río Jamapa, Veracruzh[En línea]cpor Leopoldo Contreras Rodríguez. aChapingo, Méx. :bEl autor.,c2013. aPara ver el contenido del material haga clic en la liga aTesis (Ing. Agr. Esp. en Ciencias Forestales) -- UACH. División de Ciencias Forestales aTesis (Ing. Agr. Esp. en Recursos Naturales) -- UACH. Departamento de Suelos aBATCH-UPDb05c20141002lUCH01h0859 aBATCHb00c20181121lUCH01h0759 aE5652GLJb05c20140328lUCH01h1406 aE5652GLJb05c20140328lUCH01h1407 aE5652GLJb05c20141029lUCH01h125614aAguaxAnálisis.9228014aAguaxCalidad.9231614aAguaxContaminaciónzVeracruz.912613414aCuencas hidrológicaszVeracrúz.9300951 aHernández Condado, Rigoberto9126132 a1 n0001701 aFinding aiduhttp://10.13.5.2/tesis/sist109028.pdfzTeclea aquí aBK cTESIS n0 c105490d105490 00102local4053708TESISaBCbBCcPA_TESISd2014-03-28fTESISl0oTesisp33724002382199r2019-12-31 00:00:00tc.2w2019-12-31yTESIS 00104054718TESISaBCbBCd2014-03-28fTESISl0oTesisp33724002382231r2019-12-31 00:00:00w2019-12-31yTESISzRecien adquirido